000
00302nam a22001457a 4500
003
SGT
020
_a
9788119147519
082
_a
658
_b
MEH
100
_a
MEHTA ASHWINI
245
_a
BUSINESS SUSTAINABILITY
250
_a
1
260
_a
NEW DELHI
_b
SS BOOKS
_c
2023
300
_a
101
942
_2
ddc
_c
BK
999
_c
25192
_d
25192